| 000 | 00839nam2a2200205 4500 | ||
|---|---|---|---|
| 001 | RU\NLR\PER_A\002703540_000880 | ||
| 005 | 20250623204414.0 | ||
| 035 | _a(NLR Aleph) 012086703 | ||
| 090 |
_a11832914 _c11832914 |
||
| 100 | _a20190904d2019 |||y0rusy50 ca | ||
| 101 | 0 | _arus | |
| 102 | _aRU | ||
| 200 | 0 | _aТ. 16 , № 2 (60) | |
| 210 |
_d2019 _aБ. м. |
||
| 461 | 0 |
_1001RU\NLR\Per\521668 _12001#$aТехнологии гражданской безопасности$eнаучно-технический журнал$vТ. 16 , № 2 (60) _94339604 _cМосква _d2004 - _nИзд-во Куна _oнаучно-технический журнал _tТехнологии гражданской безопасности _x1996-8493 _vТ. 16 , № 2 (60) |
|
| 852 |
_aNLR _jП11/5380 |
||
| 942 | _cISSUE | ||
| 980 | _aNB | ||
| 980 | _aRUSPER | ||